Every lightsaber duel in Star Wars - Statistics

General Stats
  • This quiz has been taken 30 times
  • The average score is 26 of 117
Answer Stats
Show or Movie Answer % Correct
The Clone Wars Anakin Skywalker vs Count Dooku
68%
Attack of the Clones Yoda vs Count Dooku
68%
Rebels Obi-wan Kenobi vs Maul
64%
The Phantom Menace Qui-gon Jinn vs Darth Maul
64%
The Clone Wars Anakin Skywalker vs Count Dooku(2nd)
59%
Revenge of the Sith Anakin Skywalker vs Obi-wan Kenobi
59%
Obi-wan Kenobi Obi-wan Kenobi vs Darth Vader
55%
The Clone Wars Obi-wan Kenobi vs General Grievous
55%
The Empire Strikes Back Luke Skywalker vs Darth Vader
50%
Attack of the Clones Anakin Skywalker and Obi-wan Kenobi vs Count Dooku
45%
Return of the Jedi Luke Skywalker vs Darth Vader(2nd)
45%
The Empire Strikes Back Luke Skywalker vs Darth Vader(force vision)
45%
Obi-wan Kenobi Obi-wan Kenobi vs Darth Vader(2nd)
45%
A New Hope Obi-wan Kenobi vs Darth Vader(3rd)
45%
The Clone Wars Obi-wan Kenobi vs General Grievous(2nd)
45%
The Clone Wars Obi-wan Kenobi vs General Grievous(3rd)
45%
The Clone Wars Obi-wan Kenobi vs General Grievous(4th)
45%
The Clone Wars Obi-wan Kenobi vs General Grievous(5th)
45%
Revenge of the Sith Obi-wan Kenobi vs General Grievous(6th)
45%
The Phantom Menace Qui-gon Jinn and Obi-wan Kenobi vs Darth Maul
45%
The Clone Wars Obi-wan Kenobi vs Asajj Ventress
41%
The Rise of Skywalker Rey vs Kylo Ren
41%
The Rise of Skywalker Rey vs Kylo Ren(2nd)the worst lightsaber duel ever
41%
The Clone Wars Ahsoka Tano vs Asajj Ventress
36%
Revenge of the Sith Darth Sidious vs Yoda
36%
The Clone Wars Kit Fisto vs General grievous
36%
The Clone Wars Ahsoka Tano Vs General Grievous
32%
The Clone Wars Ahsoka Tano vs General Grievous(2nd)
32%
The Clone Wars Ahsoka Tano vs Maul
32%
The Clone Wars Anakin Skywalker and Obi-wan Kenobi vs Count Dooku(3rd)
32%
The Clone Wars Anakin Skywalker and Obi-wan Kenobi vs Count Dooku(4th)
32%
Revenge of the Sith Anakin Skywalker and Obi-wan Kenobi vs Count Dooku(5th)
32%
The Last Jedi Luke Skywalker vs Kylo Ren
32%
Tales of the Jedi Yaddle vs Count Dooku
32%
Rebels Ahsoka Tano vs Darth Vader
27%
The Clone Wars Ahsoka Tano vs Maul(2nd)
27%
Rebels Ahsoka Tano vs Maul(3rd)
27%
The Clone Wars Anakin Skywalker and Obi-wan Kenobi vs Asajj Ventress
27%
The Clone Wars Anakin Skywalker and Obi-wan Kenobi vs Asajj Ventress(2nd)
27%
Obi-wan Kenobi Obi-wan Kenobi vs Anakin Skywalker(training flashback)
27%
The Clone Wars Obi-wan Kenobi vs Savage Opress
27%
The Force Awakens Rey and Finn vs Kylo Ren
27%
The Clone Wars Anakin Skywalker vs Asajj Ventress
23%
The Clone Wars Anakin Skywalker vs Barriss Offee
23%
The Clone Wars Asajj Ventress, Naaleth and Karis vs Count Dooku
23%
Revenge of the Sith Darth Sidious vs Agen Kolar, Saesee Tinn, Kit Fisto and Mace Windu
23%
Rebels Kannan Jarrus vs the Grand Inquisitor
23%
The Clone Wars Maul vs Pre Vizsla
23%
Ahsoka Ahsoka Tano vs Anakin Skywalker(training)
18%
Ahsoka Ahsoka Tano vs Anakin Skywalker(training)(2nd)
18%
The Clone Wars Ahsoka Tano vs Barriss Offee
18%
The Clone Wars Ahsoka Tano vs Barriss Offee(brain worm)
18%
Ahsoka Ahsoka Tano vs Baylan Skoll
18%
Ahsoka Ahsoka Tano vs Baylan Skoll(2nd)
18%
Ahsoka Ahsoka Tano vs Marrok
18%
Ahsoka Ahsoka Tano vs Marrok(2nd)
18%
The Clone Wars Asajj Ventress and Savage Opress vs Count Dooku
18%
The Clone Wars Darth Sidious vs Maul And Savage Opress
18%
Obi-wan Kenobi Darth Vader vs Reva
18%
Rebels Ezra Bridger vs Darth Vader
18%
The Clone Wars Luminara Unduli and Ahsoka Tano vs Asajj Ventress
18%
The Clone Wars Maul vs Savage Opress
18%
The Clone Wars Obi-wan Kenobi and Asajj Ventress vs Maul and Savage Opress
18%
The Clone Wars Obi-wan Kenobi vs Cad Bane
18%
The Clone Wars Obi-wan Kenobi vs Maul and Savage Opress
18%
The Clone Wars Savage Opress vs Count Dooku(training)
18%
The Acolyte the Stranger vs Sol
18%
The Acolyte the Stranger vs Sol(2nd)
18%
The Clone Wars Anakin Skywalker and Obi-wan Kenobi vs Savage Opress
14%
The Clone Wars Anakin Skywalker and Obi-wan Kenobi vs Savage Opress(2nd)
14%
The Clone Wars Asajj Ventress vs General Grievous
14%
Rebels Kannan Jarrus and Ezra Bridger vs Darth Vader
14%
Rebels Kannan Jarrus vs Maul
14%
The Clone Wars Obi-wan Kenobi vs Pre Vizsla
14%
Ahsoka Sabine Wren vs Shin Hati
14%
Ahsoka Sabine Wren vs Shin Hati(2nd
14%
Ahsoka Sabine Wren vs Shin Hati(3rd)
14%
The Clone Wars Adi Gallia vs General Grievous
9%
Ahsoka Ahsoka Tano vs Morgan Elsbeth
9%
The Clone Wars Ahsoka Tano vs Pre Vizsla
9%
The Clone Wars Anakin Skywalker and Obi-wan Kenobi vs Ahsoka Tano
9%
The Clone Wars Eeth Koth vs General Grievous
9%
Rebels Ezra Bridger vs the Seventh Sister
9%
Rebels Kanan Jarrus and Ezra Bridger Vs the Grand Inquisitor
9%
Rebels Kannan Jarrus vs the Seventh Sister
9%
The Rise of Skywalker Luke Skywalker vs Leia Organa(training flashback)
9%
The Clone Wars Nahdar Vebb vs General Grievous
9%
The Clone Wars Obi-wan Kenobi and Adi Gallia vs General Grievous
9%
The Clone Wars Obi-wan Kenobi and Adi Gallia Vs Maul and Savage Opress
9%
Rebels Sabine Wren vs Gar Saxon
9%
The Acolyte the Stranger vs the Jedi
9%
The Clone Wars Ahsoka Tano vs Cato Parasiti(Jocasta Nu)
5%
Rebels Ahsoka Tano vs the Fifth Brother and the Seventh Sister
5%
The Clone Wars Anakin Skywalker and Obi-wan Kenobi vs Count Dooku(2nd)
5%
Rebels Ezra Bridger and Maul vs Sabine Wren and Kannan Jarrus(Nightsister possesed)
5%
Rebels Ezra Bridger and Maul vs the Seventh Sister
5%
Rebels Ezra Bridger vs the Eighth Brother
5%
Tales of the Empire General Grievous vs Nightsister Warrior
5%
Rebels Kannan Jarrus, Ahsoka Tano and Maul vs the Eighth Brother and the Fifth Brother
5%
Rebels Kannan Jarrus and Ahsoka Tano vs the Eighth Brother and the Fifth Brother
5%
Rebels Kannan Jarrus and Ezra Bridger vs the Seventh Sister and the Fifth Brother
5%
Rebels Kannan Jarrus vs Ezra Bridger(training)
5%
Rebels Kannan Jarrus vs Jedi Temple Guards
5%
Rebels Kannan Jarrus vs the Grand Inquisitor(2nd)
5%
Rebels Kannan Jarrus vs the Grand Inquisitor(3rd)
5%
Rebels Kannan Jarrus vs the Grand Inquisitor(force vision)
5%
The Clone Wars Kit Fisto and Nahdar Vebb vs General Grievous
5%
The Clone Wars Mace Windu vs Mother Talzin
5%
Rebels Maul, Ahsoka Tano and Kannan Jarrus vs the Eighth Brother, the Seventh Sister and the Fifth Brother
5%
The Rise of Skywalker Rey vs Dark Side Rey(force vision)
5%
Rebels Sabine Wren vs Kannan Jarrus(training)
5%
The Clone Wars Savage Opress vs Pre Vizsla
5%
The Clone Wars Tera Sinube vs Cassie Cryar
5%
Tales of the Empire the Fourth Sister and Barriss Offee vs Jedi Survivor
5%
Rebels the Seventh Sister and the Fifth Brother vs Jedi Temple Guards
5%
The Acolyte the Stranger vs Yord
5%
The Clone Wars Yoda and Anakin Skywalker vs Count Dooku and Darth Sidious(force vision)
5%
No matching quizzes found
Score Distribution
Percent of People with Each Score
Percentile by Number Answered
Your Score History
You have not taken this quiz